1304 1767 1474 1096 1453 1530 1850 1772 1845 1353 1461 1788 1215 1930 1744 1035 1159 1753 1538 1866 1111 1125 1147 1257 1950 1944 1631 1312 1530 1285 1148 1322 1122 1942 1924 1652 1203 1997 1674 1343 1865 1034 1017 1341 1588 1823 1947 1043 1220 1730 1792 1178 1157 1346 1429 1455 1976 1789 1837 1542 1757 1161 1509 1772 1189 1873 1883 1977 1226 1872 1012 1949 1817 1982 1868 1078 1888 1327 1444 1125 1601 1615 1049 1523 1915 1931 1722 1916 1617 1192 1421 1108 1509 1705 1535 1586 1828 1619 1793 BCNSPRNW ULIB Ver.6.0+V

เปลี่ยนเป็นภาษาไทย

Change to English
 แสดงรายละเอียดบรรณานุกรม
  กลับหน้าหลัก

Brief Record : Get Marc (ISO 2709) : E-mail record : QR code < ปิดหน้าต่าง
LEADER : 00000nam 2200000uu 4500
001    13399112248
003     ULIB
008    110802s2554||||th 000 0 tha d
020    9786165020749
090    นว.^bจ195พ 2554
100 0  จอมจินดา
245 00 พรหมพยศกบฏหัวใจ/^cจอมจินดา
260    กรุงเทพฯ:^bSugar Beat,^c2554.
300    326 หน้า
945    ^p220^l0^i18466
995    เกษร
999 ^a ใช้งานได้ทุกระบบ
รายการนี้ยังไม่มีแท็ก
คุณยังไม่ได้ล็อกอิน คุณสามารถมีกิจกรรมร่วมกับเว็บไซต์ได้ แต่ต้องล็อกอินก่อน ::
  ล็อกอิน

รายการสื่อสารสนเทศ

ลำดับที่ ประเภท เลขเรียก/บาร์โค้ด สถานที่ สถานะ
1. วิทยาศาสตร์การแพทย์ และสุขภาพ
วิทยาศาสตร์การแพทย์ และสุขภาพ
นว. จ195พ 2554  
  Barcode: 18466
ห้องสมุดวิทยาเขตสวรรค์ประชารักษ์
►นวนิยาย
บนชั้น
  ขอยืม

รายการใกล้เคียง
    ผู้แต่ง [จอมจินดา]

BibComment


ยังไม่เคยถูกคอมเมนท์

คอมเมนท์ทรัพยากรรายการนี้
  คอมเมนท์: พรหมพยศกบฏหัวใจ จ..


 Copyright 2026. Bcnsprnw @Library